| 000 | 00848nam a2200157 i 4500 | ||
|---|---|---|---|
| 001 | 151573 | ||
| 003 | ES-MaACL | ||
| 005 | 20230906204253.0 | ||
| 008 | 931025s1900 cu f |||| | spa d | ||
| 110 | 2 |
_aAsociación de Dependientes del Comercio de La Habana. _9134139 |
|
| 245 | 1 | 0 |
_aFolleto publicado por acuerdo de la Junta Directiva para conmemorar la inauguración del Departamento de Enfermería titulado "Romagosa" y su nueva capilla de la quinta de salud "La Purísima Concepción" _b: Mayo 6 de 1900 / _cAsociación de Dependientes del Comercio de la Habana. |
| 260 |
_aLa Habana : _b[s.n.], _c1900 ( _fImp. Avisador Comercial) |
||
| 300 |
_a188 p., 44 h. de lám. ; _c23 cm. |
||
| 594 | _aTít. de la cub.: Veinte años de labor. | ||
| 852 |
_aES-MaACL _jT-987-F-8 _z-- Enc. hol., conservando la cub. original _z-- Enc. en un vol. facticio |
||
| 999 |
_c151573 _d151573 |
||